000 00345nam a2200145Ia 4500
008 191201s2007 xx 000 0 und d
082 _a621.34
_bGUE
100 _aGUPTA,Navneet
245 0 _aElectromagnetic field theory
250 _aRep
260 _aN.Delhi
_bsun india
_c2007
300 _a490
650 _aB.Tech(ECE)
942 _2ddc
_cBK
_01
999 _c4232
_d4232